000 00789nam a2200253 4500
001 20846
003 BD-RjUL
005 20211209000623.0
008 701030s19501927enk 000 1 eng
035 _a(BD-RjUL)20908
040 _aDLC
_cDLC
_dDLC
_dBD-RjUL
_beng
041 _aeng
082 0 0 _a823.912
_bGAB 1950
100 1 _aGalsworthy, John,
_d1867-1933.
_964385
245 1 4 _aThe burning spear /
_cOriginal illus. by Sandra Archibald.
260 _aLondon :
_bThe windmill press,
_c1950.
300 _a180 p. ;
_c21 cm.
490 0 _aHis Collected works
650 0 _aWorld War
_y1914-1918
_zHumor, caricatures, etc.
_964386
700 1 2 _aGalsworthy, John,
_d1867-1933.
_tVilla Rubein. 1970.
_964387
942 _2ddc
_cBK
999 _c20846
_d20846